[Event "Belleuve Chess 2012"]
[Site "Alcudia ESP"]
[Date "2012.10.15"]
[Round "2.20"]
[White "Sanabria Macias, Anselmo"]
[Black "Maseda Iglesias, Luis"]
[Result "1-0"]
[WhiteElo "1935"]
[BlackElo "1741"]
[PlyCount "95"]
[EventDate "2012.10.14"]
[EventType "swiss"]
[EventRounds "9"]
[EventCountry "ESP"]
[Source "lmi"]
[SourceDate "2012.10.14"]

1. e4 c6 2. d4 d5 3. Nc3 dxe4 4. Nxe4 Nd7 5. Bc4 Ngf6 6. Ng5 e6 7. N1f3 Nb6 8.
Bd3 h6 9. Ne4 Nxe4 10. Bxe4 Bd6 11. O-O O-O 12. b3 Qc7 13. Bb2 Nd7 14. Qe2 b6
15. Ne5 Nxe5 16. dxe5 Be7 17. Bd3 Bb7 18. Qe4 g6 19. Qe3 Kg7 20. a4 c5 21. Be4
Bxe4 22. Qxe4 Rad8 23. Rad1 Rxd1 24. Rxd1 Rd8 25. Rd6 Kh7 26. Rxd8 Qxd8 27. Qe2
Bg5 28. g3 Qd2 29. Qxd2 Bxd2 30. Kf1 a6 31. Ke2 Bg5 32. Kd3 Be7 33. Kc4 Kg8 34.
Bc1 g5 35. Be3 Bd8 36. a5 bxa5 37. Kxc5 f5 38. exf6 Bxf6 39. Kb6 Bc3 40. Kxa6
Kf7 41. Kb5 Kf6 42. Bb6 Be1 43. f3 e5 44. Bxa5 Bxa5 45. Kxa5 g4 46. fxg4 e4 47.
Kb4 Ke5 48. Kc4 1-0

[Event "Belleuve Chess 2012"]
[Site "Alcudia ESP"]
[Date "2012.10.15"]
[Round "2.21"]
[White "Rodriguez Sanchez, Rafael"]
[Black "Gutierrez Abarrategui, Luis"]
[Result "1/2-1/2"]
[WhiteElo "1809"]
[BlackElo "1861"]
[PlyCount "120"]
[EventDate "2012.10.14"]
[EventType "swiss"]
[EventRounds "9"]
[EventCountry "ESP"]
[Source "lmi"]
[SourceDate "2012.10.14"]

1. e4 e6 2. d4 d5 3. Nd2 Nf6 4. e5 Nfd7 5. Bd3 c5 6. c3 Nc6 7. Ne2 cxd4 8. cxd4
Qb6 9. Nf3 Be7 10. O-O O-O 11. a3 f5 12. exf6 Bxf6 13. Bc2 Re8 14. Qd3 Nf8 15.
Be3 Bd7 16. b4 Rac8 17. Rac1 Ne7 18. Nc3 Qd6 19. Bg5 Neg6 20. g3 Rc4 21. Bxf6
gxf6 22. Bb3 Rc7 23. Nb5 Bxb5 24. Qxb5 Rec8 25. Rxc7 Qxc7 26. Qd3 Qc3 27. Rd1
Ne7 28. Ne1 Nf5 29. Nc2 Qxd3 30. Rxd3 b5 31. Ne3 Nd6 32. f3 Nd7 33. a4 a6 34.
axb5 axb5 35. Nd1 Rc1 36. Kf2 Nb6 37. Rc3 Rxc3 38. Nxc3 Kf7 39. Ke2 Ke7 40. Bc2
h6 41. h4 Kd7 42. Bd3 Kc6 43. g4 Nbc4 44. f4 Nb6 45. g5 fxg5 46. fxg5 hxg5 47.
hxg5 Nd7 48. Kf3 e5 49. dxe5 Nxe5+ 50. Ke2 Nxd3 51. Kxd3 Nf5 52. Ne2 Kd7 53.
Nd4 Nd6 54. Ke3 Ne4 55. Kf4 Nc3 56. Ke5 Ke7 57. Nf5+ Kf7 58. Nh4 Na2 59. Kxd5
Nxb4+ 60. Kc5 Nd3+ 1/2-1/2

[Event "Belleuve Chess 2012"]
[Site "Alcudia ESP"]
[Date "2012.10.15"]
[Round "2.22"]
[White "Adeyemi, Adedeji"]
[Black "Dominguez Marquez Juan, Car"]
[Result "1-0"]
[WhiteElo "1997"]
[BlackElo "1718"]
[PlyCount "50"]
[EventDate "2012.10.14"]
[EventType "swiss"]
[EventRounds "9"]
[EventCountry "ESP"]
[Source "lmi"]
[SourceDate "2012.10.14"]

1. Nf3 Nf6 2. g3 g6 3. Bg2 Bg7 4. O-O O-O 5. c4 d6 6. Nc3 e5 7. d3 c6 8. Rb1
Nh5 9. Bg5 Qc7 10. b4 f5 11. Bd2 Nf6 12. Qb3 Kh8 13. a4 Be6 14. Ng5 Bg8 15. Qc2
d5 16. Na2 dxc4 17. dxc4 h6 18. Nf3 Ne4 19. Nh4 Bh7 20. Bxe4 fxe4 21. Be3 g5
22. Ng2 Nd7 23. Rbd1 Nf6 24. Nc1 b6 25. c5 bxc5 1-0

[Event "Belleuve Chess 2012"]
[Site "Alcudia ESP"]
[Date "2012.10.15"]
[Round "2.23"]
[White "Moueden, Mohamed Amine"]
[Black "Abrines Sampol, Lorenzo"]
[Result "1-0"]
[WhiteElo "1997"]
[BlackElo "1707"]
[PlyCount "55"]
[EventDate "2012.10.14"]
[EventType "swiss"]
[EventRounds "9"]
[EventCountry "ESP"]
[Source "lmi"]
[SourceDate "2012.10.14"]

1. e4 c6 2. d4 d5 3. Nc3 dxe4 4. Nxe4 Nf6 5. Ng5 h6 6. N5f3 Bf5 7. Ne5 Nbd7 8.
Ngf3 Nxe5 9. Nxe5 e6 10. c3 Be7 11. Bd3 Bxd3 12. Qxd3 Qd5 13. Qg3 g5 14. h4
Qe4+ 15. Be3 Nh5 16. Qf3 Qxf3 17. Nxf3 f6 18. hxg5 fxg5 19. Rxh5 O-O-O 20.
O-O-O Bf6 21. Rdh1 Bg7 22. Ne5 Rd5 23. Nf7 Rf8 24. Nxh6 e5 25. Rxg5 exd4 26.
Rxd5 dxe3 27. Rf5 Bxh6 28. Rxf8+ 1-0

[Event "Belleuve Chess 2012"]
[Site "Alcudia ESP"]
[Date "2012.10.15"]
[Round "2.24"]
[White "Nadal Marti, Bernardo Pedro"]
[Black "Deiana, Giacomo"]
[Result "1-0"]
[WhiteElo "1966"]
[BlackElo "1687"]
[PlyCount "43"]
[EventDate "2012.10.14"]
[EventType "swiss"]
[EventRounds "9"]
[EventCountry "ESP"]
[Source "lmi"]
[SourceDate "2012.10.14"]

1. d4 d5 2. c4 c6 3. Nc3 Nf6 4. Bg5 e6 5. e3 Be7 6. Nf3 a6 7. a4 Nbd7 8. Qc2 h6
9. Bh4 c5 10. Bd3 cxd4 11. exd4 dxc4 12. Bxc4 Nb6 13. Bb3 Nbd5 14. O-O O-O 15.
Rfe1 Nxc3 16. bxc3 Bd7 17. Qd3 Bc6 18. Ne5 Rc8 19. Bxf6 Bxf6 20. Bc2 g6 21.
Nxg6 Qd5 22. Ne7+ 1-0

[Event "Belleuve Chess 2012"]
[Site "Alcudia ESP"]
[Date "2012.10.15"]
[Round "2.26"]
[White "Carranza Pons, Ricardo Nelson"]
[Black "Garcia Verd, Francisco"]
[Result "0-1"]
[WhiteElo "1718"]
[BlackElo "1954"]
[PlyCount "87"]
[EventDate "2012.10.14"]
[EventType "swiss"]
[EventRounds "9"]
[EventCountry "ESP"]
[Source "lmi"]
[SourceDate "2012.10.14"]

1. d4 d5 2. Bf4 Bf5 3. Nf3 e6 4. e3 h6 5. Ne5 Nd7 6. g4 Bh7 7. Bd3 Bxd3 8. Qxd3
Nxe5 9. dxe5 Qd7 10. Nc3 c6 11. a3 Ne7 12. Rd1 Qc7 13. Bg3 Rd8 14. Ke2 Nc8 15.
f4 Nb6 16. f5 Qe7 17. Rhf1 Nc4 18. fxe6 Qxe6 19. Qf5 Qxf5 20. gxf5 Nxb2 21. Rb1
Bxa3 22. Nd1 Nxd1 23. Rfxd1 b5 24. Rb3 b4 25. c3 a5 26. Be1 Rb8 27. cxb4 Bxb4
28. Rdb1 c5 29. Rd1 Rd8 30. Rbd3 Ke7 31. Bh4+ f6 32. Rxd5 Rxd5 33. Rxd5 a4 34.
e6 Rd8 35. Rxd8 Kxd8 36. Kd1 c4 37. Kc2 a3 38. Kb1 Bd2 39. e4 c3 40. e5 Ke8 41.
exf6 gxf6 42. Bxf6 a2+ 43. Ka1 c2 44. Bb2 0-1

[Event "Belleuve Chess 2012"]
[Site "Alcudia ESP"]
[Date "2012.10.15"]
[Round "2.27"]
[White "Figuerola Campins, Antonio"]
[Black "Sierra Bermejo, Gregorio"]
[Result "1-0"]
[WhiteElo "1919"]
[BlackElo "1647"]
[PlyCount "92"]
[EventDate "2012.10.14"]
[EventType "swiss"]
[EventRounds "9"]
[EventCountry "ESP"]
[Source "lmi"]
[SourceDate "2012.10.14"]

1. e4 d5 2. exd5 Qxd5 3. Nc3 Qd8 4. d4 Nf6 5. Bd3 c6 6. Nge2 Bg4 7. O-O e6 8.
Bg5 Nbd7 9. f4 Qa5 10. a3 Bd6 11. Ne4 Nxe4 12. Bxe4 Nf6 13. b4 Qc7 14. Bf3 Bxf3
15. Rxf3 Ne4 16. Bh4 h6 17. Qd3 Nf6 18. Bxf6 gxf6 19. c4 O-O-O 20. c5 Be7 21.
b5 Bxc5 22. bxc6 Qb6 23. dxc5 Qxc5+ 24. Qe3 Qxe3+ 25. Rxe3 bxc6 26. Rc1 Rd6 27.
Rec3 Kd7 28. Rb1 Rc8 29. Rb7+ Rc7 30. Rxc7+ Kxc7 31. Kf2 e5 32. Ke3 Rd5 33. f5
Rd8 34. Ke4 Rg8 35. Rg3 Rxg3 36. Nxg3 Kb6 37. Nh5 c5 38. Nxf6 Kb5 39. Nd7 c4
40. Nxe5 f6 41. Nd7 Ka4 42. Kd4 Kb3 43. Nc5+ Kxa3 44. Kxc4 a5 45. Nd7 a4 46.
Nxf6 Kb2 1-0

[Event "Belleuve Chess 2012"]
[Site "Alcudia ESP"]
[Date "2012.10.15"]
[Round "2.28"]
[White "Veras Sanz Jose, Antonio"]
[Black "Strand, Oyvin"]
[Result "0-1"]
[WhiteElo "1712"]
[BlackElo "1899"]
[PlyCount "56"]
[EventDate "2012.10.14"]
[EventType "swiss"]
[EventRounds "9"]
[EventCountry "ESP"]
[Source "lmi"]
[SourceDate "2012.10.14"]

1. e4 g6 2. d4 Bg7 3. Nf3 d6 4. Be3 Nd7 5. Nc3 a6 6. Qd2 b5 7. a3 Bb7 8. Bd3 e6
9. O-O c5 10. Rfe1 c4 11. Be2 Ne7 12. Rad1 O-O 13. Bh6 Qc7 14. Bxg7 Kxg7 15.
Qf4 e5 16. Qh4 Rae8 17. Ng5 h6 18. Nh3 Nf6 19. dxe5 dxe5 20. Bf3 Qc5 21. Re3
Rd8 22. g4 g5 23. Nxg5 hxg5 24. Qxg5+ Ng6 25. h4 Rxd1+ 26. Nxd1 Nh7 27. Qh5 Nf4
28. Qf5 Bc8 0-1

[Event "Belleuve Chess 2012"]
[Site "Alcudia ESP"]
[Date "2012.10.15"]
[Round "2.29"]
[White "Jaume Pons, Antonio"]
[Black "Pelegri Castello, Elias"]
[Result "0-1"]
[WhiteElo "1693"]
[BlackElo "1837"]
[PlyCount "113"]
[EventDate "2012.10.14"]
[EventType "swiss"]
[EventRounds "9"]
[EventCountry "ESP"]
[Source "lmi"]
[SourceDate "2012.10.14"]

1. e4 e6 2. d4 d5 3. exd5 exd5 4. Nf3 Bd6 5. h3 Ne7 6. Bd3 Bf5 7. Bxf5 Nxf5 8.
Qe2+ Qe7 9. Be3 Nxe3 10. Qxe3 Qxe3+ 11. fxe3 O-O 12. O-O Nd7 13. Nc3 c6 14. e4
dxe4 15. Nxe4 Bc7 16. Rae1 Rae8 17. a3 a6 18. c4 a5 19. Rf2 f5 20. Neg5 Bg3 21.
Ne6 Bxf2+ 22. Kxf2 Rf6 23. d5 cxd5 24. cxd5 Nb6 25. Rd1 Nxd5 26. Nxg7 Kxg7 27.
Rxd5 b6 28. Ng5 Kg6 29. h4 h6 30. Nf3 Rc8 31. Ne5+ Kh5 32. Kg3 Rc5 33. Nd3 Rc4
34. Nf4+ Rxf4 35. Kxf4 Kxh4 36. Rd3 Kh5 37. Rg3 Rf8 38. Rg7 Rf6 39. Rg3 Rf8 40.
Rb3 Rf6 41. Rb5 Kg6 42. a4 Rc6 43. b3 Rd6 44. Ke3 Kg5 45. b4 axb4 46. Rxb4 Rc6
47. Rb3 Kg4 48. Rb5 Rc3+ 49. Kf2 Rc2+ 50. Kg1 Kg3 51. Rb3+ Kg4 52. Rxb6 Ra2 53.
Rb4+ f4 54. Rd4 Kg3 55. Rd3+ f3 56. Rd1 Rxa4 57. Rc1 0-1

[Event "Belleuve Chess 2012"]
[Site "Alcudia ESP"]
[Date "2012.10.15"]
[Round "2.30"]
[White "Fullana Benito, David"]
[Black "Mateu Mir, Gabriel"]
[Result "1-0"]
[WhiteElo "1813"]
[BlackElo "1575"]
[PlyCount "113"]
[EventDate "2012.10.14"]
[EventType "swiss"]
[EventRounds "9"]
[EventCountry "ESP"]
[Source "lmi"]
[SourceDate "2012.10.14"]

1. e4 e5 2. Nf3 Nc6 3. Bc4 h6 4. c3 Nf6 5. Qb3 Qe7 6. Qc2 a6 7. b4 b5 8. Bb3
Bb7 9. O-O a5 10. bxa5 Nxa5 11. Ba3 d6 12. d3 Nxb3 13. Qxb3 Qd7 14. Nbd2 c5 15.
Bxc5 dxc5 16. Nxe5 c4 17. Nxd7 cxb3 18. Nxf6+ gxf6 19. axb3 Bg7 20. f4 f5 21.
e5 O-O 22. d4 Kh7 23. c4 Rg8 24. d5 bxc4 25. bxc4 Bf8 26. g3 Bc5+ 27. Kg2 h5
28. Nf3 Be3 29. Rxa8 Bxa8 30. Nh4 Bb7 31. Nxf5 Bc5 32. Kf3 Ba6 33. Rc1 Rb8 34.
Ke4 Rb4 35. Kd3 Rb3+ 36. Rc3 Rb2 37. h4 Rf2 38. Nd4 Bb4 39. Rc2 Rf1 40. Ke4
Re1+ 41. Kf5 Re3 42. Ne2 Bc8+ 43. Kf6 Kg8 44. Rb2 Bf8 45. d6 Bg4 46. Nd4 Rxg3
47. Rc2 Bd1 48. Rc1 Ba4 49. c5 Bd7 50. f5 Bg7+ 51. Ke7 Ba4 52. c6 Bf8+ 53. Kd8
Rd3 54. c7 Re3 55. c8=Q Rxe5 56. Kc7 Re8 57. d7 1-0

[Event "Belleuve Chess 2012"]
[Site "Alcudia ESP"]
[Date "2012.10.15"]
[Round "2.31"]
[White "Febrero Perez, Lluis"]
[Black "Trillo-Figueroa Vidal, Antonio"]
[Result "1/2-1/2"]
[WhiteElo "1597"]
[BlackElo "1809"]
[PlyCount "98"]
[EventDate "2012.10.14"]
[EventType "swiss"]
[EventRounds "9"]
[EventCountry "ESP"]
[Source "lmi"]
[SourceDate "2012.10.14"]

1. e4 c5 2. Nf3 d6 3. Bb5+ Bd7 4. Qe2 a6 5. Bxd7+ Nxd7 6. Nc3 Ngf6 7. d3 e6 8.
O-O Be7 9. b3 O-O 10. Bb2 Qc7 11. Qd2 b5 12. Ne2 Ne5 13. Nxe5 dxe5 14. Rad1
Rfd8 15. Qe3 a5 16. Qg3 Bd6 17. f4 exf4 18. Nxf4 e5 19. Ne6 fxe6 20. Rxf6 Rf8
21. Rdf1 Rxf6 22. Rxf6 Re8 23. h4 c4 24. Rf3 c3 25. Bc1 Rf8 26. h5 Rxf3 27.
Qxf3 Qe7 28. Qg4 Bc5+ 29. Kh2 Qf7 30. Bg5 Be7 31. h6 Bxg5 32. Qxg5 Qf4+ 33.
Qxf4 exf4 34. hxg7 Kxg7 35. d4 Kg6 36. Kh3 Kg5 37. d5 exd5 38. exd5 Kf5 39. d6
Ke6 40. d7 Kxd7 41. Kg4 Ke6 42. Kxf4 Kd5 43. g4 Kd4 44. g5 b4 45. Kf3 Ke5 46.
Kg4 Ke6 47. Kh5 Kf5 48. Kh4 Kf4 49. Kh5 Kf5 1/2-1/2

[Event "Belleuve Chess 2012"]
[Site "Alcudia ESP"]
[Date "2012.10.15"]
[Round "2.32"]
[White "Gimenez Garcia, Emilio"]
[Black "Forcadell Escouffier, Albert"]
[Result "1-0"]
[WhiteElo "1806"]
[BlackElo "1554"]
[PlyCount "55"]
[EventDate "2012.10.14"]
[EventType "swiss"]
[EventRounds "9"]
[EventCountry "ESP"]
[Source "lmi"]
[SourceDate "2012.10.14"]

1. d4 d5 2. Bf4 Nf6 3. e3 g6 4. Nf3 Bg7 5. Nbd2 O-O 6. Be2 b6 7. Ne5 Bb7 8. h4
c5 9. h5 cxd4 10. exd4 Nc6 11. hxg6 fxg6 12. c3 Ne4 13. Nxc6 Bxc6 14. Be3 Qd6
15. Nf3 Qf6 16. Qc2 Rac8 17. O-O-O b5 18. Ne5 Be8 19. Qb3 Nxf2 20. Rhf1 Qh4 21.
Qxd5+ Bf7 22. Nxf7 Rxf7 23. Rxf2 Rcf8 24. Rxf7 Rxf7 25. Rf1 Bf6 26. Bxb5 Kg7
27. Bc4 Rf8 28. Qf3 1-0

[Event "Belleuve Chess 2012"]
[Site "Alcudia ESP"]
[Date "2012.10.15"]
[Round "2.33"]
[White "Correia, Sandra Ventura"]
[Black "Serralta Font, Carles"]
[Result "1-0"]
[WhiteElo "1797"]
[BlackElo "1403"]
[PlyCount "29"]
[EventDate "2012.10.14"]
[EventType "swiss"]
[EventRounds "9"]
[EventCountry "ESP"]
[Source "lmi"]
[SourceDate "2012.10.14"]

1. e4 d6 2. d4 g6 3. Nf3 Bg7 4. h3 Nf6 5. Nc3 O-O 6. Be3 Nbd7 7. e5 Ne8 8. Bc4
Kh8 9. Bxf7 Rxf7 10. Ng5 Rf8 11. Ne6 Nxe5 12. Nxd8 Rf5 13. dxe5 Rxe5 14. O-O
Bd7 15. Nxb7 1-0

[Event "Belleuve Chess 2012"]
[Site "Alcudia ESP"]
[Date "2012.10.15"]
[Round "2.34"]
[White "Gibert Rossello, Antonio"]
[Black "Kehloul Gutierrez, Sadek"]
[Result "0-1"]
[WhiteElo "1564"]
[BlackElo "1776"]
[PlyCount "95"]
[EventDate "2012.10.14"]
[EventType "swiss"]
[EventRounds "9"]
[EventCountry "ESP"]
[Source "lmi"]
[SourceDate "2012.10.14"]

1. e4 e6 2. d4 d5 3. Nc3 Bb4 4. exd5 exd5 5. Bd2 Nf6 6. a3 Ba5 7. h3 O-O 8. Nf3
Bxc3 9. Bxc3 Ne4 10. Bb4 Re8 11. Be2 a5 12. Bd2 Bf5 13. O-O Nd7 14. Bd3 Ndf6
15. Bf4 c6 16. Ng5 Qb6 17. Be3 h6 18. Nxe4 Bxe4 19. b3 Re6 20. Qd2 Bxd3 21.
Qxd3 Ne4 22. c4 Qd8 23. Bf4 Rg6 24. Rae1 Qd7 25. Bg3 Nxg3 26. fxg3 Rf8 27. Rf3
dxc4 28. bxc4 Rd6 29. Rf4 b5 30. c5 Rd5 31. Qc3 a4 32. Rfe4 Qf5 33. Re5 Rxe5
34. Rxe5 Qb1+ 35. Kh2 Qb3 36. Re3 Qd5 37. Re5 Qb3 38. Re3 Qd5 39. Re5 Qd7 40.
Qe3 Rd8 41. Re7 Qd5 42. Re8+ Rxe8 43. Qxe8+ Kh7 44. Qe3 g6 45. Qe7 Kg7 46. Qd6
Qxd6 47. cxd6 Kf8 48. Kg1 0-1

[Event "Belleuve Chess 2012"]
[Site "Alcudia ESP"]
[Date "2012.10.16"]
[Round "3.1"]
[White "Fiol Company, Juan"]
[Black "Garcia Sanz, Eduardo"]
[Result "0-1"]
[WhiteElo "1934"]
[BlackElo "1999"]
[PlyCount "78"]
[EventDate "2012.10.14"]
[EventType "swiss"]
[EventRounds "9"]
[EventCountry "ESP"]
[Source "lmi"]
[SourceDate "2012.10.14"]

1. e4 c5 2. Nf3 e6 3. d4 cxd4 4. c3 d5 5. exd5 Qxd5 6. cxd4 Nf6 7. Nc3 Qa5 8.
Bd3 Be7 9. O-O O-O 10. Qe2 Nc6 11. Rd1 Rd8 12. Bg5 Nxd4 13. Nxd4 Qxg5 14. Nf5
Bf8 15. Ng3 Bd7 16. Nce4 Qe5 17. Nxf6+ gxf6 18. Qg4+ Kh8 19. Qh4 f5 20. Qh5 Be8
21. Qh4 Rd4 22. Qh5 Rad8 23. Rac1 Qf6 24. Bc2 Rd2 25. Bb3 Qxb2 26. Rb1 Qd4 27.
Qf3 Bc6 28. Nxf5 exf5 29. Qxf5 Bc5 30. Rf1 Qg7 31. g3 Bb6 32. Rbe1 Qg6 33. Qe5+
f6 34. Qf4 R2d4 35. Qc1 Rd3 36. Qf4 Rf3 37. Qh4 Qg5 38. Qh3 Qf5 39. Qg2 Rxb3
0-1

[Event "Belleuve Chess 2012"]
[Site "Alcudia ESP"]
[Date "2012.10.16"]
[Round "3.2"]
[White "Lielmezs, Girts"]
[Black "Achtmann, Armin"]
[Result "1/2-1/2"]
[WhiteElo "1910"]
[BlackElo "1978"]
[PlyCount "63"]
[EventDate "2012.10.14"]
[EventType "swiss"]
[EventRounds "9"]
[EventCountry "ESP"]
[Source "lmi"]
[SourceDate "2012.10.14"]

1. c4 f5 2. g3 Nf6 3. Bg2 e6 4. Nf3 c6 5. O-O d5 6. d3 Bd6 7. Bf4 Bxf4 8. gxf4
Nbd7 9. Nbd2 O-O 10. b4 b6 11. Nd4 Nb8 12. b5 c5 13. N4f3 Bb7 14. Ne5 Qc7 15.
e3 Nbd7 16. Ndf3 Nxe5 17. Nxe5 Nd7 18. cxd5 exd5 19. Qb3 Nxe5 20. fxe5 Qxe5 21.
e4 fxe4 22. dxe4 c4 23. Qc2 dxe4 24. Qxc4+ Bd5 25. Qe2 Rf6 26. Rae1 Rh6 27. f4
Qd4+ 28. Qe3 Qxe3+ 29. Rxe3 Re8 30. Rfe1 Rg6 31. Kf2 Rge6 32. Bh3 1/2-1/2

[Event "Belleuve Chess 2012"]
[Site "Alcudia ESP"]
[Date "2012.10.16"]
[Round "3.4"]
[White "Stefanov, Evtim"]
[Black "Naranjo Moreno, Jose Javier"]
[Result "1-0"]
[WhiteElo "1963"]
[BlackElo "1894"]
[PlyCount "35"]
[EventDate "2012.10.14"]
[EventType "swiss"]
[EventRounds "9"]
[EventCountry "ESP"]
[Source "lmi"]
[SourceDate "2012.10.14"]

1. e4 d5 2. exd5 Qxd5 3. Nc3 Qa5 4. d4 Nf6 5. Bd2 Qb6 6. Nf3 Bg4 7. Be2 c6 8.
Ne5 Bf5 9. Bc4 e6 10. Qe2 Be7 11. O-O-O Nd5 12. g4 Bg6 13. h4 Qxd4 14. h5 Bxc2
15. Kxc2 Nb4+ 16. Kb1 Bf6 17. Nxf7 O-O 18. Qxe6 1-0

[Event "Belleuve Chess 2012"]
[Site "Alcudia ESP"]
[Date "2012.10.16"]
[Round "3.5"]
[White "Contreras Cabot, Marc"]
[Black "Melderis, Uldis"]
[Result "0-1"]
[WhiteElo "1805"]
[BlackElo "1958"]
[PlyCount "68"]
[EventDate "2012.10.14"]
[EventType "swiss"]
[EventRounds "9"]
[EventCountry "ESP"]
[Source "lmi"]
[SourceDate "2012.10.14"]

1. e4 e6 2. d4 d5 3. exd5 exd5 4. Nf3 Nf6 5. Ne5 c5 6. Bb5+ Bd7 7. Qe2 Be7 8.
O-O O-O 9. c3 Re8 10. Bg5 Nc6 11. Nd2 cxd4 12. Bxc6 Bxc6 13. Nxc6 bxc6 14. cxd4
Qb6 15. Nf3 Bd6 16. Qc2 Ne4 17. Be3 f5 18. Rac1 f4 19. Bd2 Rac8 20. a3 c5 21.
Qb1 c4 22. Bc3 Rb8 23. Rfe1 Qd8 24. Qc2 Qf6 25. Re2 g5 26. Ne5 Bxe5 27. dxe5
Qe6 28. Rd1 Nc5 29. Red2 Nd3 30. Rxd3 cxd3 31. Qxd3 Red8 32. h3 Rd7 33. Qd4 Rc8
34. Rd3 Rc4 0-1

[Event "Belleuve Chess 2012"]
[Site "Alcudia ESP"]
[Date "2012.10.16"]
[Round "3.6"]
[White "Ponce Cano, Adrian"]
[Black "Asensio Ramos, Enrique Fernando"]
[Result "1/2-1/2"]
[WhiteElo "1958"]
[BlackElo "1858"]
[PlyCount "73"]
[EventDate "2012.10.14"]
[EventType "swiss"]
[EventRounds "9"]
[EventCountry "ESP"]
[Source "lmi"]
[SourceDate "2012.10.14"]

1. e4 Nf6 2. Nc3 d5 3. exd5 Nxd5 4. Bc4 Nxc3 5. Qf3 e6 6. Qxc3 Nc6 7. Nf3 Qf6
8. a3 Qxc3 9. dxc3 Bd6 10. Be3 a6 11. O-O-O b5 12. Bd3 Bb7 13. Ng5 Ne5 14. Be4
Bxe4 15. Nxe4 Ke7 16. Bd4 Nd7 17. Rhe1 Nf6 18. g3 h5 19. h4 Nxe4 20. Rxe4 Rhg8
21. f4 g6 22. Be5 Bxe5 23. Rxe5 Rgd8 24. c4 c6 25. cxb5 axb5 26. Re3 Kf6 27.
Re5 Ke7 28. Re3 Kf6 29. Rc3 Rxd1+ 30. Kxd1 Rd8+ 31. Ke2 Rc8 32. Rc5 Ke7 33. Kf3
Kd6 34. b4 Ra8 35. Rc3 Kd5 36. Rc5+ Kd6 37. Rc3 1/2-1/2

[Event "Belleuve Chess 2012"]
[Site "Alcudia ESP"]
[Date "2012.10.16"]
[Round "3.7"]
[White "Gomez Olivares, Alejandro"]
[Black "Nadal Bestard, Sebastia"]
[Result "1-0"]
[WhiteElo "1993"]
[BlackElo "1851"]
[PlyCount "89"]
[EventDate "2012.10.14"]
[EventType "swiss"]
[EventRounds "9"]
[EventCountry "ESP"]
[Source "lmi"]
[SourceDate "2012.10.14"]

1. d4 d5 2. Nf3 Nf6 3. c4 e6 4. Nc3 h6 5. a3 c6 6. c5 Be7 7. Bf4 Nh5 8. Bxb8
Rxb8 9. e3 Qc7 10. Ne5 Nf6 11. b4 O-O 12. Qa4 b5 13. Qc2 Nd7 14. Nd3 e5 15. f4
exd4 16. exd4 Bf6 17. Qf2 a5 18. Be2 g6 19. O-O Bg7 20. Kh1 Nf6 21. Bf3 Bf5 22.
Ne5 axb4 23. axb4 Ra8 24. Qb2 Nd7 25. Rxa8 Rxa8 26. Nxc6 Qxf4 27. Nxd5 Qh4 28.
Nc7 Rf8 29. Nxb5 Re8 30. g3 Qg5 31. Nd6 Re3 32. Qf2 Rc3 33. Bd5 Kh7 34. Nxf7
Qf6 35. Nd6 Qg5 36. Nxf5 Rc1 37. Rxc1 Qxc1+ 38. Kg2 Qg5 39. Be4 Nf6 40. Bd3 Ng4
41. Qf4 Qh5 42. Nh4 Qd5+ 43. Qe4 Ne3+ 44. Kf3 Nd1 45. Qxd5 1-0

[Event "Belleuve Chess 2012"]
[Site "Alcudia ESP"]
[Date "2012.10.16"]
[Round "3.8"]
[White "Suuronen, Petri"]
[Black "Rautanen, Sari"]
[Result "1/2-1/2"]
[WhiteElo "1894"]
[BlackElo "1955"]
[PlyCount "31"]
[EventDate "2012.10.14"]
[EventType "swiss"]
[EventRounds "9"]
[EventCountry "ESP"]
[Source "lmi"]
[SourceDate "2012.10.14"]

1. e4 c5 2. Nf3 d6 3. d4 cxd4 4. Nxd4 Nf6 5. Nc3 g6 6. Be3 Bg7 7. f3 O-O 8. Qd2
Nc6 9. Bc4 Bd7 10. O-O-O Rc8 11. Bb3 Nxd4 12. Bxd4 b5 13. Nd5 Nxd5 14. Bxg7
Kxg7 15. exd5 a5 16. a3 1/2-1/2

[Event "Belleuve Chess 2012"]
[Site "Alcudia ESP"]
[Date "2012.10.16"]
[Round "3.10"]
[White "Kopischke, Maik"]
[Black "Sanabria Macias, Anselmo"]
[Result "1/2-1/2"]
[WhiteElo "1867"]
[BlackElo "1935"]
[PlyCount "53"]
[EventDate "2012.10.14"]
[EventType "swiss"]
[EventRounds "9"]
[EventCountry "ESP"]
[Source "lmi"]
[SourceDate "2012.10.14"]

1. d4 d5 2. Nf3 Nf6 3. c3 c6 4. Bf4 e6 5. e3 Bd6 6. Ne5 O-O 7. Bd3 c5 8. Nd2
Nc6 9. Qf3 Ne7 10. Qh3 Ng6 11. Nxg6 hxg6 12. Be5 Nh7 13. Nf3 Bxe5 14. Nxe5 cxd4
15. exd4 Nf6 16. O-O Nd7 17. Nxg6 fxg6 18. Bxg6 Nf6 19. f4 e5 20. f5 exd4 21.
Rf4 Bxf5 22. Rxf5 Qb6 23. cxd4 Qxd4+ 24. Rf2 Nh5 25. Raf1 Rac8 26. Qe6+ Kh8 27.
Qe1 1/2-1/2

[Event "Belleuve Chess 2012"]
[Site "Alcudia ESP"]
[Date "2012.10.16"]
[Round "3.11"]
[White "Llamazares Lopez, Carlos"]
[Black "Sanchez Rodriguez, Francisc"]
[Result "1-0"]
[WhiteElo "1694"]
[BlackElo "1933"]
[PlyCount "69"]
[EventDate "2012.10.14"]
[EventType "swiss"]
[EventRounds "9"]
[EventCountry "ESP"]
[Source "lmi"]
[SourceDate "2012.10.14"]

1. e4 c5 2. Nf3 g6 3. d4 cxd4 4. Nxd4 Bg7 5. c4 Nc6 6. Be3 d6 7. Be2 Nf6 8. Nc3
O-O 9. O-O Nxd4 10. Bxd4 Be6 11. Rc1 Rc8 12. b3 a6 13. f4 Qd7 14. Nd5 Bxd5 15.
exd5 b5 16. Bxf6 Bxf6 17. Bg4 Qa7+ 18. Kh1 Rc5 19. Be2 bxc4 20. Bxc4 Rfc8 21.
f5 Ra5 22. a4 Rac5 23. Qf3 Kg7 24. Rce1 R5c7 25. Re4 Rf8 26. h4 h5 27. g4 hxg4
28. Rxg4 Rh8 29. fxg6 fxg6 30. Qg3 Rcc8 31. Rxg6+ Kf7 32. Rg7+ Ke8 33. Rxf6 Qd4
34. Qg6+ Kd7 35. Rxe7+ 1-0

[Event "Belleuve Chess 2012"]
[Site "Alcudia ESP"]
[Date "2012.10.16"]
[Round "3.13"]
[White "Maria Lopez, Jorge Luis"]
[Black "Adeyemi, Adedeji"]
[Result "1-0"]
[WhiteElo "1877"]
[BlackElo "1997"]
[PlyCount "136"]
[EventDate "2012.10.14"]
[EventType "swiss"]
[EventRounds "9"]
[EventCountry "ESP"]
[Source "lmi"]
[SourceDate "2012.10.14"]

1. d4 e6 2. c4 f5 3. Nf3 Nf6 4. g3 Be7 5. Bg2 O-O 6. O-O d6 7. Nc3 Qe8 8. Nb5
Bd8 9. Bg5 a6 10. Nc3 c6 11. Re1 Ne4 12. Bxd8 Qxd8 13. Qc2 d5 14. cxd5 exd5 15.
e3 Nd7 16. Nd2 Ndf6 17. f3 Nd6 18. Rad1 Kh8 19. Ne2 Qe8 20. Nc1 Qh5 21. Nd3 Nd7
22. Nf4 Qh6 23. h4 Nf7 24. Qd3 g5 25. hxg5 Nxg5 26. Kf2 Nf6 27. Rh1 Qg7 28. Rh4
Rg8 29. Ne2 Be6 30. Rdh1 Raf8 31. Nf1 Bc8 32. Nf4 Rf7 33. Rh6 Nge4+ 34. Ke1
Nxg3 35. Ng6+ Qxg6 36. Rxg6 Rxg6 37. Nxg3 Rxg3 38. Kf2 Ne4+ 39. Kf1 Rg6 40. Rh2
Ng3+ 41. Kf2 Ne4+ 42. Ke1 Nd6 43. b3 Rfg7 44. Kf2 Rf6 45. Qc2 f4 46. e4 dxe4
47. fxe4 f3 48. Bf1 Rf4 49. Bd3 Rf8 50. Qc5 Rd8 51. Kxf3 Bg4+ 52. Ke3 Re7 53.
e5 Nc8 54. Qc2 Rdd7 55. Qf2 Rf7 56. Rxh7+ Kg8 57. Rxf7 Rxf7 58. Qh4 Be6 59.
Qg5+ Kf8 60. Bg6 Re7 61. Qf6+ Kg8 62. Bf5 Bxf5 63. Qxf5 Nb6 64. Qg5+ Kf8 65.
Qf6+ Ke8 66. Qg6+ Kd7 67. Qd6+ Ke8 68. Qh6 Kd7 1-0